1617 1193 1294 1022 1483 1259 1075 1579 1917 1539 1930 1787 1427 1592 1744 1011 1094 1532 1542 1182 1908 1476 1281 1380 1387 1889 1840 1130 1044 1602 1311 1147 1819 1794 1233 1385 1418 1124 1917 1897 1424 1621 1461 1530 1473 1293 1747 1189 1120 1925 1960 1495 1171 1076 1124 1392 1759 1812 1765 1726 1475 1021 1459 1786 1194 1933 1021 1530 1046 1281 1580 1719 1687 1559 1873 1689 1302 1570 1922 1340 1066 1269 1700 1280 1406 1917 1235 1325 1165 1373 1169 1386 1774 1233 1311 1812 1846 1465 1880 BCNSPRNW ULIB Ver.6.0+V

เปลี่ยนเป็นภาษาไทย

Change to English
 แสดงรายละเอียดบรรณานุกรม
  กลับหน้าหลัก

Brief Record : Get Marc (ISO 2709) : E-mail record : QR code < ปิดหน้าต่าง
LEADER : 00000nam 2200000uu 4500
001    13399122213
003     ULIB
008    130114s2544||||th 000 0 tha d
090    ^aนว^bพ187พ ล.3
098    ^aนว^bพ187พ ล.3
100 0  ^aพนมเทียน
245 10 ^aไพรมหากาฬ เล่ม 3 เพชรพระอุมา /^cพนมเทียน
250    ^aพิมพ์รวมเล่มครั้งที่ 4
260    ^aกรุงเทพฯ :^bณ บ้านวรรณกรรม,^c2544
505 00 ^a ^gล.1-4^tไพรมหากาฬ --^gล.5-8^tดงมรณะ -- ^gล.9-12^tจอมผีดิบมันตรัย -- ^gล.13-16^tอาถรรพณ์นิทรานคร -- ^gล.17-20^tป่าโลกล้านปี -- ^gล.21-24^tแงซายจอมจักรา -- ^gล.25-28^tจอมพราน -- ^gล.29-32^tไอ้งาดำ -- ^gล.33-36^tจิตรางคนางค์-- ^gล.37-40^tนาคเทวี -- ^gล.41-44^tแด่ปางบรรพ์ -- ^g ล.45-48^tมงกุฎไพร
650  4 ^aนวนิยายไทย
945    ^p200^l0^i033400
995    ^aกษร
999    ^aใช้งานได้ทุกระบบ
รายการนี้ยังไม่มีแท็ก
คุณยังไม่ได้ล็อกอิน คุณสามารถมีกิจกรรมร่วมกับเว็บไซต์ได้ แต่ต้องล็อกอินก่อน ::
  ล็อกอิน

รายการสื่อสารสนเทศ

ลำดับที่ ประเภท เลขเรียก/บาร์โค้ด สถานที่ สถานะ
1. นวนิยาย
นวนิยาย
นว พ187พ ล.3  
  Barcode: 033400
ห้องสมุดวิทยาเขตสวรรค์ประชารักษ์
►นวนิยาย
บนชั้น
  ขอยืม

รายการใกล้เคียง
    ผู้แต่ง [พนมเทียน]

    หัวเรื่อง [นวนิยายไทย]

BibComment


ยังไม่เคยถูกคอมเมนท์

คอมเมนท์ทรัพยากรรายการนี้
  คอมเมนท์: ไพรมหากาฬ เล่ม 3..


 Copyright 2026. Bcnsprnw @Library